Vista normal
Vista MARC
Entrada Topical Term
Número de registros utilizados en: 1
001 - CONTROL NUMBER
- control field: 18127
003 - CONTROL NUMBER IDENTIFIER
- control field: OSt
005 - DATE AND TIME OF LATEST TRANSACTION
- control field: 20230915230659.0
008 - FIXED-LENGTH DATA ELEMENTS
- fixed length control field: 230915|| aca||aabn | a|a d
040 ## - CATALOGING SOURCE
- Original cataloging agency: OSt
- Transcribing agency: OSt
150 ## - HEADING--TOPICAL TERM
- Topical term or geographic name entry element: CABILDOS - ECLESIASTICOS
670 ## - SOURCE DATA FOUND
- Source citation: Work cat.: (OSt)23560: Orduz, Leon Julio Cesar 18126, La Arquidiócesis de Santa Fe de Bogotá en la Conquista y la colonia, 1987